| Поле | Инд. | ПП | Название | Значение |
|---|---|---|---|---|
| Тип записи | a | |||
| Библиографический уровень | m | |||
| 001 | Контрольный номер | 26572ece3102417ca5d4cdce940907b4 | ||
| 005 | Дата корректировки | 20170328154103.4 | ||
| 008 | Кодируемые данные | 050606 | ||
| 020 | a | ISBN | 5-06-005291-5 | |
| c | Цена, тираж | 145.00 | ||
| 040 | a | Служба первич. каталог. | НБ ТвГУ | |
| 041 | a | Код языка текста | rus | |
| 080 | a | Индекс УДК | 535(075.8) | |
| 084 | a | Индекс другой классификации/Индекс ББК | В343я73-1 | |
| 090 | x | Авторский знак | К97 | |
| a | Полочн. индекс | В343 | ||
| 100 | 1_ | a | Автор | Кычкин Иннокентий Саввич |
| 245 | 10 | a | Заглавие | Основы волновой и квантовой оптики |
| b | Продолж. заглавия | учеб. пособие для студентов вузов, обучающихся по специальностям "Физика" и "Радиофизика и электроника" и направлению "Физика" | ||
| c | Ответственность | И. С. Кычин, И. И. Суздалов | ||
| 260 | 0_ | a | Место издания | Москва |
| b | Издательство | Высшая школа | ||
| c | Дата издания | 2005 | ||
| 300 | a | Объем | 313, [3] с. | |
| b | Иллюстрации/ тип воспроизводства | ил. | ||
| 504 | a | Библиография | Библиогр.: с. 314. | |
| 583 | a | Действие | Получение впервые 292 12.10.2005 | |
| k | Исполнитель действия | ООО "Книжный мир" | ||
| 650 | a | Основная рубрика | Оптика | |
| 650 | a | Основная рубрика | Волновая оптика | |
| x | Основная подрубрика | Учебники для вузов | ||
| 650 | a | Основная рубрика | Квантовая оптика | |
| 653 | a | Ключевые слова | Оптика | |
| a | Ключевые слова | Волновая оптика | ||
| a | Ключевые слова | Квантовая оптика | ||
| 700 | 1_ | a | Другие авторы | Суздалов Иннокентий Иннокентьевич |
| e | Роль лиц | авт. | ||
| 852 | t | Порядковый номер экземпляра | 1 | |
| p | Инвентарный номер | 820071 | ||
| 863 | t | 00110281 | ||
| 888 | a | За счет средств университета | ||
| 930 | a | Новая/Ретро | учебники | |
| 952 | p | 292.2005 145.00 1 820071 | ||
| c | Вид литературы | К ру | ||
| 954 | a | Дата поступления на обработку | 20051024 | |
| 999 | a | Подразделение 2 | Фил3 |